=LDR 00000nam 2200000 4500 =001 INLIS000000000005476 =005 20130612093726 =008 ***********************************Ind** =035 ##$$0010-061300000005476 =041 ##$$a Ind =082 ##$$a 959.823 =090 ##$$a 59.823, Pur k =100 ##$$a PURWOKUSUMO, Sudarisman =245 ##$$a Kadipaten Pakualaman, Soedarisman Poerwokoesoemo =260 ##$$a 1985 $b Yogyakarta =300 ##$$a 362 hlm, 21 cm =650 ##$$a Sejarah Indonesia =650 ##$$a Yogyakarta =850 ##$$a NBPNMAT